Players with most Assists each season Top 5 Leagues - Statistics

General Stats
  • This quiz has been taken 94 times
  • The average score is 13 of 35
Answer Stats
Answer % Correct
Lionel Messi
95%
Cristiano Ronaldo
91%
Andrés Iniesta
78%
Kevin De Bruyne
77%
Mesut Özil
77%
Xavi
73%
Franck Ribéry
69%
Luis Suárez
69%
Steven Gerrard
67%
Frank Lampard
66%
Ángel Di María
64%
Cesc Fábregas
61%
David Silva
59%
Marco Reus
58%
Eden Hazard
56%
Juan Mata
33%
Dimitri Payet
25%
David Villa
22%
Nani
20%
Miroslav Klose
19%
Dimitar Berbatov
16%
Florent Malouda
13%
Guti
13%
Diego
9%
Emil Forsberg
9%
Henrikh Mkhitaryan
9%
James Rodríguez
8%
Mathieu Valbuena
8%
Zvjezdan Misimović
8%
Marvin Martin
6%
Morgan Sanson
6%
Michel Bastos
5%
Christian Tiffert
3%
Jérôme Leroy
3%
Lucho González
3%
No matching quizzes found
Score Distribution
Percent of People with Each Score
Percentile by Number Answered
Your Score History
You have not taken this quiz